| 000 | 01467cam a2200445 a 4500 | ||
|---|---|---|---|
| 001 | 22571 | ||
| 003 | SK-KTurca | ||
| 005 | 20260401135213.0 | ||
| 008 | 200318s2008 xo a j 000 f slo | ||
| 015 | _aSNBA2008/10-04576 | ||
| 020 |
_a9788080892197 _q(viaz.) |
||
| 035 | _aurn:nbn:sk:snk-am00a10o | ||
| 035 | _aurn:nbn:sk:snk-am3hcp8 | ||
| 035 | _a2F4A1C23-9BC9-4376-AEAD-E886C0C5B9C0 | ||
| 040 |
_aPPPK _bslo _cPPPK _dSNK _eAACR2 |
||
| 041 | 1 |
_aslo _heng |
|
| 044 |
_axo _cSK |
||
| 072 | 7 |
_a821.111(73)-3 _xAmerická próza _2konspekt |
|
| 072 | 7 |
_a821-93 _xLiteratúra pre deti a mládež _2konspekt |
|
| 080 |
_a821.111(73)-31 _22001 |
||
| 080 |
_a821-93 _22001 |
||
| 080 |
_a(0:82-311.3) _22001 |
||
| 080 |
_a(084.11) _22001 |
||
| 100 | 1 |
_aSelznic, Brian _4ill |
|
| 240 | 1 | 4 |
_aThe invention of Hugo Cabret _lSlovensky |
| 245 | 1 | 0 |
_aVeľký objav Huga Cabreta _bdobrodružstvo písané obrázkami _cBrian Selznick ; [z angického originálu preložila Monika Kačeriaková] |
| 250 | _a1. vyd. | ||
| 260 |
_aBratislava _bFragment _c2008 |
||
| 300 |
_a533 s. _bilustr. _c22 cm |
||
| 504 | _aPozn. | ||
| 655 | 7 |
_aamerické romány _2SNKPH |
|
| 655 | 7 |
_adobrodružné romány _2SNKPH |
|
| 655 | 7 |
_apublikácie pre mládež _2SNKPH |
|
| 655 | 7 |
_aobrazové publikácie _2SNKPH |
|
| 700 | 1 |
_aKačeriaková, Monika _4trl |
|
| 942 |
_2ddc _cKLDE _n0 |
||
| 980 | _a821.111(73)-93 | ||
| 980 | _a821.111(73)-31 | ||
| 999 |
_c22571 _d22571 |
||